LDR 00621naa#a2200193#i#450# 001 EN\\bibl\118108 005 20260418173721.6 011 ## _a2782-4586 100 ## _a20260331b2026####ek#y0engy0150####ca 101 0# _aENG 102 ## _aRU 200 1# _aAnalysis of Changes in Insurance Companies' Statement of Profit or Loss due to the Transition from IFRS 4 to IFRS 17 _eJournal article 210 1# _aMoscow _cITBO University _d2026 215 ## _a3 с. 608 ## _aJournal article _2local 675 ## _aСтрахование. 368 _zENG 700 #1 _aLazutkina _gMariya Vladimirovna 700 #1 _aYurasova _gIrina Olegovna 856 4# _ajomeam.ru _u